Word Ladder: Promontory Point Quiz Stats

 Plays Quiz Updated Apr 30, 2016

Challenge
Share
Tweet
Embed
Score 0/16 Timer 02:00
1 Play Today
Clue 4-Letter Word % Correct
Journey song: ____ Stop Believin'DON'T
98.9%
Minor auto damageDENT
97%
Wrapped up, finishedDONE
96.4%
She can be of Cleves or of Green GablesANNE
95.8%
'Hello' in SpanishHOLA
94.3%
It can follow doughnut or blackHOLE
93.9%
Charged atomsIONS
93.3%
Confined, with 'up'PENT
90.9%
Clue 4-Letter Word % Correct
Polynesian danceHULA
89.6%
Top notch [hyphenated]A-ONE
88.8%
• Lodgings •• INNS •
88.1%
• Magician Teller's partner •• PENN •
86%
To sharpen a bladeHONE
85.5%
Coulter, 'King Kong' heroine, and ___ Arbor, e.g.ANNS
85.5%
Actress Skye or one of the NereidsIONE
82.2%
• Toni Morrison 1973 novel •• SULA •
34%

Today's Daily Dose

You're not logged in!

Compare scores with friends on all Sporcle quizzes.
OR
Log In

You Might Also Like...

Show Comments

Extras

Top Quizzes Today


Score Distribution

Your Account Isn't Verified!

In order to create a playlist on Sporcle, you need to verify the email address you used during registration. Go to your Sporcle Settings to finish the process.

Report this User

Report this user for behavior that violates our Community Guidelines.

Details: